zpět

Detail výsledku týmu

Pivovar Prokopák, Praha

Datum a čas kvízu

21.5 Celkem bodů Celkový počet nahraných bodů na tomto kvízu bez doplňovacích otázek.
11. Pořadí na kvízu Konečné umístění týmu na tomto kvízu.

Zaznamenané odpovědi

# Otázka Odpověď Body Výsledky
1. ODS v pondělí představila svou... 1C 2D 3B 4A 1
2. Britské bankovky budou mít nov... C 0
3. Tento muž bude reprezentovat Č... Daniel Žižka 1
4. Minulý týden jste se mohli doč... D 1
5. Kazachstánský tenista Alexandr... rukojetí rakety 0
6. Nejrozšířenějším „národním spo... D 1
7. Za národní sport lze považovat... národní házená (česká házená) 0
8. Některé země mají svůj národní... lakros 0
9. U uzákoněných národních sportů... polo; basketbal 0
10. I medailové úspěchy z olympijs... D 1